|
|
|
|
| LEADER |
00000nam a2200000 a 4500 |
| 001 |
vtls001297965 |
| 003 |
SK-MaSNL |
| 005 |
20260301195822.0 |
| 008 |
240226s1997 xo ae r yy slo |
| 015 |
|
|
|a SNBA1997/1203533
|
| 020 |
|
|
|a 8085515423
|
| 035 |
|
|
|a SNK000249880
|
| 035 |
|
|
|a urn:nbn:sk:snk-amkgob
|
| 035 |
|
|
|a urn:nbn:sk:snk-am002yoo
|
| 035 |
|
|
|a 15EDAC4F-2ACA-4A99-9056-124017911094
|
| 040 |
|
|
|a SNK
|b slo
|c SNK
|e AACR2
|
| 041 |
0 |
|
|a slo
|
| 044 |
|
|
|a xo
|c SK
|
| 080 |
|
|
|a 376.35
|2 1981
|
| 245 |
0 |
0 |
|a Kapitolky z tyflopedagogiky
|c [zostavil Jozef Milčák]
|
| 260 |
|
|
|a Levoča
|b Modrý Peter
|c 1997
|
| 300 |
|
|
|a 118 s.
|b sch.
|c 21 cm
|
| 500 |
|
|
|a Údaj o zost. prevzatý z rubu tit. strany
|
| 500 |
|
|
|a Vyd. pre Základnú školu internátnu pre nevidiacich v Levoči
|
| 504 |
|
|
|a Bibliogr. s. 117-118. Slovník tyflopedagóga
|
| 650 |
0 |
7 |
|a tyflopédia
|2 SNK
|9 30336
|
| 655 |
|
7 |
|a príručky
|2 SNK
|9 74364
|
| 700 |
1 |
|
|a Milčák, Jozef
|4 com
|9 45769
|
| 710 |
0 |
|
|a Základná škola pre nevidiacich (Levoča, Slovensko)
|4 vyd
|9 33108
|
| 919 |
|
|
|a 80-85515-42-3
|
| 958 |
|
|
|a OND
|
| 958 |
|
|
|a TL
|
| 958 |
|
|
|a NB
|
| 999 |
|
|
|c 887621
|d 889551
|
| 952 |
|
|
|t P60, <09>, [BOOK], {629}
|a SNK
|b SNK
|y NEVYP
|7 0
|o snkC 1972
|i snk3886/970812
|0 0
|1 0
|4 0
|d 1997-08-11
|l 0
|r 2005-01-02 00:00:00
|w 2026-02-24
|
| 952 |
|
|
|t P60, <03>, [BOOK], {603}
|a SNK
|b SNK
|y PREZ
|7 0
|p 17A0085047
|o snkSC 93893
|i snkKSP 8796/97
|0 0
|1 0
|4 0
|d 1997-08-11
|f 1
|l 0
|r 2025-09-11 00:00:00
|w 2026-02-24
|
| 952 |
|
|
|t P60, <04>, [BOOK], {604}
|a SNK
|b SNK
|y VYP
|7 0
|p 17A0085046
|o snkSC 93893 D1
|i snkKSP 8797/97
|0 0
|1 0
|4 0
|d 1997-08-11
|l 0
|r 2005-01-02 00:00:00
|w 2026-02-24
|